[Event "GMA-Open"]
[Site "Belgrade"]
[Date "1988.??.??"]
[Round "?"]
[White "Gruenfeld, Yehuda"]
[Black "Rukavina, Josip"]
[Result "1-0"]
[WhiteElo "2520"]
[BlackElo "2455"]

1.e4 d6 2.d4 Nf6 3.Nc3 Nbd7 4.g4 h6 5.h3 e5 6.Nge2 c6 7.Bg2 b5 8.a3 Bb7 9.O-O g6
10.f4 Bg7 11.Be3 a6 12.dxe5 dxe5 13.Qe1 Qc7 14.Qf2 exf4 15.Nxf4 Ne5 16.Nd3 Nfd7
17.Nxe5 Nxe5 18.Bb6 Qb8 19.Bc5 Rh7 20.Rad1 Bf8 21.b4 Bxc5 22.bxc5 Kf8 23.Rd6 Qe8
24.Rfd1 Qe7 25.Ne2 Re8 26.Nf4 Kg8 27.Qd4 f6 28.h4 Bc8 29.g5 hxg5 30.hxg5 Rf7
31.gxf6 Rxf6 32.Nd3 Kg7 33.Rd2 Bg4 34.Rf2 Rxf2 35.Qxf2 Qg5 36.Qf4 Qxf4 37.Nxf4 g5
38.Nd3 Nf3+ 39.Kf2 Nd2 40.e5 Nc4 41.Rxc6 Nxe5 42.Rxa6 Nc4 43.Ra7+ Kg6 44.c6 Re2+
45.Kg3 Bf5 46.c7 Ne3 47.Kf3 Bg4+ 48.Ke4 Nxg2+ 49.Kd4 Bf5 50.Ra6+ Kh5 51.Rc6 Re8
52.Rc5 Ne3 53.Nb4 Re4+ 54.Kc3 Rc4+ 55.Rxc4 Nxc4 56.a4 Nd6 57.a5 Ne8 58.Nd5 Be6
59.a6 Bc8 60.a7 Nxc7 61.Nxc7 Bb7 62.a8=Q Bxa8 63.Nxa8 g4 64.Kd2 Kh4 65.Ke2 Kh3
66.Nc7 g3 67.Ne6 g2 68.Ng5+ Kg3 69.Nf3 Kf4 70.Kf2 Ke4 71.Kxg2 Ke3 72.Kg3 b4
73.Kg4 Ke4 74.Nd2+ Kd4 75.Nb1 Ke4 76.Kg5 Ke5 77.Kg6 Ke6 78.Kg7 Ke7 79.Kg8 Ke8
80.Nd2 Ke7 81.Nb3 Ke6 82.Kf8 Kd5 83.Ke7 Kc4 84.Kd6 Kc3 85.Na1  1-0

[Event "GMA-Open"]
[Site "Belgrade"]
[Date "1988.??.??"]
[Round "?"]
[White "Lein, Anatoly"]
[Black "Popa, Valentin"]
[Result "1/2-1/2"]
[WhiteElo "2470"]
[BlackElo "2375"]

1.e4 d6 2.d4 Nf6 3.Nc3 c6 4.Nf3 Bg4 5.Be2 e6 6.O-O Be7 7.Be3 d5 8.Nd2 Bxe2
9.Qxe2 dxe4 10.Ncxe4 Nd5 11.c4 Nxe3 12.Qxe3 Nd7 13.Nf3 O-O 14.Rfd1 Nf6 15.Rd2 Nxe4
16.Qxe4 Bf6 17.Rad1 Qa5 18.b3 Rad8 19.g4 g6 20.Kg2 Bg7 21.h4 h6  1/2-1/2

[Event "GMA-Open"]
[Site "Belgrade"]
[Date "1988.??.??"]
[Round "?"]
[White "Vujicic, Mirko"]
[Black "Rukavina, Josip"]
[Result "1/2-1/2"]
[WhiteElo "2310"]
[BlackElo "2455"]

1.e4 d6 2.d4 Nf6 3.Nc3 Nbd7 4.g3 e5 5.Nge2 Be7 6.Bg2 O-O 7.O-O c6 8.a4 b6
9.h3 Ba6 10.Be3 Re8 11.Re1 h5 12.Qd2 Qc7 13.Rad1 Rad8 14.Qc1 Bb7 15.b3 a6
16.Bg5 b5 17.axb5 cxb5 18.b4 Nb6 19.d5 Nh7 20.Bxe7 Qxe7 21.Nb1 Rc8 22.c3 h4
23.Qe3 Nc4 24.Qf3 Rc7 25.Nd2 Ng5 26.Qg4 hxg3 27.Qxg3 Nh7 28.Nf3 Nb2 29.Rd2 Na4
30.Rc1 Bc8 31.Ra2 Bd7 32.h4 Rec8 33.Nd2 Nf8 34.Bh3 Ng6 35.Bxd7 Qxd7 36.Rac2 Nf4
37.Nxf4 exf4 38.Qf3 Qe7 39.h5 Qh4 40.c4 Qf6 41.Kf1 Qe5 42.Kg2 Kh7 43.Kh3 Kh6
44.Kg2 Kh7 45.Kh3 Kh6  1/2-1/2

[Event "GMA-Open"]
[Site "Belgrade"]
[Date "1988.??.??"]
[Round "?"]
[White "Watson, William N"]
[Black "Popa, Valentin"]
[Result "1-0"]
[WhiteElo "2500"]
[BlackElo "2375"]

1.e4 d6 2.d4 Nf6 3.Nc3 c6 4.f4 Qa5 5.Bd2 Qb6 6.Nf3 Bg4 7.Na4 Bxf3 8.gxf3 Qd8
9.f5 e6 10.fxe6 fxe6 11.Qe2 e5 12.dxe5 dxe5 13.O-O-O Nbd7 14.Bh3 Qc7 15.f4 b5
16.Nc3 Bc5 17.Be6 O-O-O 18.Qg2 Rhe8 19.f5 Re7 20.Bg5 Kb7 21.Ne2 Nf8 22.Rxd8 Qxd8
23.Rd1 Qe8 24.Bxf6 gxf6 25.Qh3 Kb6 26.c3 a5 27.Ng3 Be3+ 28.Kc2 Bf4 29.Nh5 Nxe6
30.fxe6 Rxe6 31.Ng7 Qg6 32.Nxe6 Qxe4+ 33.Qd3  1-0

[Event "GMA-Open"]
[Site "Belgrade"]
[Date "1988.??.??"]
[Round "?"]
[White "Kosten, Anthony C"]
[Black "Soltis, Andrew E"]
[Result "1-0"]
[WhiteElo "2515"]
[BlackElo "2415"]

1.e4 d6 2.d4 Nf6 3.Nc3 c6 4.Nf3 g6 5.Be2 Bg7 6.O-O O-O 7.a4 a5 8.Be3 d5 9.e5 Ng4
10.Bf4 f6 11.exf6 exf6 12.h3 Nh6 13.Qd2 g5 14.Bh2 Bf5 15.Rfe1 Na6 16.Nd1 Be4
17.Ne3 Nf7 18.h4 h6 19.c3 Nc7 20.hxg5 hxg5 21.Bd3 Qd7 22.Qc2 Rfe8 23.Nd2 Bxd3
24.Qxd3 Nh6 25.Re2 Re7 26.Rae1 Rae8 27.Qg6 Kf8 28.Bxc7 Qxc7 29.Ndf1 Ng4 30.f3 Nxe3
31.Rxe3 Rxe3 32.Rxe3 Qf7 33.Qf5 g4 34.Qxg4 Bh6 35.Rxe8+ Qxe8 36.f4 Qe4 37.Qc8+ Kf7
38.Qxb7+ Kg6 39.g3 c5 40.dxc5 Bf8 41.Qb5 Kf5 42.c6  1-0

[Event "Berlin Neukoelln"]
[Site "Berlin-West"]
[Date "1988.??.??"]
[Round "?"]
[White "Armas, Jorge"]
[Black "Hausner, Ivan"]
[Result "1-0"]
[WhiteElo "2410"]
[BlackElo "2425"]

1.e4 d6 2.d4 Nf6 3.Nc3 c6 4.a4 Nbd7 5.Nf3 e5 6.Bc4 Be7 7.O-O O-O 8.Qe2 Qc7
9.h3 h6 10.Rd1 Re8 11.g4 Nh7 12.Be3 Ndf8 13.Qd3 Ng6 14.Ne2 Nh4 15.Nxh4 Bxh4
16.Kg2 Bg5 17.dxe5 dxe5 18.Bc5 Be7 19.Bd6 Bxd6 20.Qxd6 Qxd6 21.Rxd6 Kf8 22.a5 Ng5
23.Ng3 a6 24.Rad1 g6 25.f3 Ne6 26.h4 Ke7 27.c3 Rf8 28.h5 Nd4 29.hxg6 Kxd6
30.Bxf7 Be6 31.Nf5+ Bxf5 32.gxf5 Rxf7 33.gxf7 c5 34.cxd4 exd4 35.Rh1 Ke7
36.Rxh6 Kxf7 37.e5 c4 38.Rh7+ Kg8 39.Rd7  1-0

[Event "Berlin op"]
[Site "Berlin-West"]
[Date "1988.??.??"]
[Round "4"]
[White "Madl, Ildiko"]
[Black "Rukavina, Josip"]
[Result "0-1"]
[WhiteElo "2345"]
[BlackElo "2455"]

1.e4 d6 2.d4 Nf6 3.Nc3 Nbd7 4.Nf3 e5 5.Be3 Be7 6.h3 O-O 7.Bd3 c6 8.a4 Re8
9.O-O a5 10.Ne2 d5 11.Nxe5 dxe4 12.Bc4 Nd5 13.Ng3 N7b6 14.Bb3 f6 15.Nc4 Nxc4
16.Bxc4 Bd6 17.Nh5 Be6 18.Bxd5 cxd5 19.f4 f5 20.c3 Ra6 21.Rb1 Rc6 22.Ng3 Qb6
23.Ne2 Qa6 24.Qd2 Rec8 25.Rfc1 Rb6 26.b3 Bf7 27.Ng3 g6 28.Ne2 Rbc6 29.Kh1 R6c7
30.Kg1 Be8 31.Ra1 Bd7 32.Kh1 Ra8 33.Qa2 Qd3 34.Bg1 Be6 35.Rab1 Qa6 36.Qd2 Rac8
37.Be3 Qd3 38.Rd1 Qa6 39.Rdc1 Ra8 40.Kg1 b6 41.Kh1 Qc8 42.Qd1 Qe8 43.Qd2 Qf7
44.Rd1 Bc8 45.Rdc1 Ba6 46.Qb2 Rac8 47.Ng3 Bd3 48.Ra1 Rc6 49.Kg1 Qc7 50.c4 Bxf4  0-1

[Event "Berlin op"]
[Site "Berlin-West"]
[Date "1988.??.??"]
[Round "6"]
[White "Hellers, Ferdinand"]
[Black "Rukavina, Josip"]
[Result "1-0"]
[WhiteElo "2490"]
[BlackElo "2455"]

1.e4 d6 2.d4 Nf6 3.Nc3 Nbd7 4.f4 e5 5.Nf3 c6 6.Be2 Qc7 7.O-O Be7 8.Kh1 O-O
9.a4 a5 10.Qe1 exd4 11.Nxd4 Nc5 12.Bc4 Nfxe4 13.Nxe4 d5 14.Bxd5 cxd5 15.Nc3 Qd8
16.Be3 Re8 17.Ndb5 Bd7 18.Qd2 Bxb5 19.Nxb5 Ne4 20.Qd3 Bc5 21.Bxc5 Nxc5 22.Qd4 Ne4
23.Rad1 Rc8 24.c3 Nf6 25.b3 Ng4 26.Rf3 Qh4 27.Qg1 Re2 28.Nd4 Rb2 29.Rdf1 Re8
30.h3 Qh5 31.Rg3 f5 32.Nxf5 Qxf5 33.Rxg4 Rxb3 34.Qd4 Qf7 35.f5 Rc8 36.f6 g6
37.Rg5 Rc4 38.Qxd5 Qxd5 39.Rxd5 Rc7 40.Rd8+ Kf7 41.Rh8 Rbxc3 42.Rxh7+ Kf8
43.f7  1-0

[Event "Berlin op"]
[Site "Berlin-West"]
[Date "1988.??.??"]
[Round "6"]
[White "Troltenier, Dirk"]
[Black "Hartoch, Robert G"]
[Result "0-1"]
[WhiteElo "2235"]
[BlackElo "2375"]

1.e4 d6 2.d4 Nf6 3.Nc3 c6 4.a4 Nbd7 5.g3 e5 6.Nge2 Be7 7.Bg2 O-O 8.O-O b6
9.h3 a5 10.f4 Ba6 11.Be3 Qc7 12.Rf2 b5 13.Kh2 b4 14.Nb1 c5 15.c3 cxd4 16.cxd4 Rfc8
17.Nd2 Qc2 18.b3 Qxd1 19.Rxd1 Rc2 20.Bf1 Rac8 21.Kg1 Bd3 22.dxe5 dxe5 23.Nf3 exf4
24.Nxf4 Rxf2 25.Bxf2 Bxe4 26.Ng5 Bb7 27.Bb5 Ne5 28.Re1 Bd6 29.Bd4 h6 30.Bxe5 Bxe5
31.Rxe5 hxg5 32.Rxg5 Rc1+ 33.Bf1 Ba6 34.Rb5 Bxb5 35.axb5 Nd7  0-1

[Event "Bern"]
[Site "Bern"]
[Date "1988.??.??"]
[Round "?"]
[White "Flueckiger, Christian"]
[Black "Wirthensohn, Heinz"]
[Result "1/2-1/2"]
[WhiteElo "2260"]
[BlackElo "2425"]

1.e4 d6 2.d4 Nf6 3.Nc3 c6 4.Nf3 Bg4 5.Be2 d5 6.e5 Ne4 7.Nxe4 dxe4 8.Ng5 Bxe2
9.Qxe2 Qxd4 10.e6 fxe6 11.Nxe6 Qe5 12.Qg4 Na6 13.O-O g6 14.Re1 Nc5 15.Nxc5 Qxc5
16.Qxe4 Bg7 17.Be3 Qf5 18.Bd4 Qxe4 19.Rxe4 Bxd4 20.Rxd4  1/2-1/2

[Event "Copenhagen op"]
[Site "Copenhagen"]
[Date "1988.??.??"]
[Round "?"]
[White "Ernst, Thomas"]
[Black "Andreasson, Ingvar"]
[Result "1/2-1/2"]
[WhiteElo "2455"]
[BlackElo "2335"]

1.e4 d6 2.d4 Nf6 3.Nc3 c6 4.Nf3 Bg4 5.Be2 Nbd7 6.O-O e5 7.Be3 Be7 8.Ng5 h6
9.Bxg4 hxg5 10.Bxd7+ Nxd7 11.a4 exd4 12.Bxd4 Ne5 13.Qe2 Qd7 14.Rfd1 Qe6 15.a5 g4  1/2-1/2

[Event "CZE-chT8788"]
[Site "?"]
[Date "1988.??.??"]
[Round "?"]
[White "Papacek, Stepan"]
[Black "Spacek, Petr"]
[Result "1/2-1/2"]
[WhiteElo "2300"]
[BlackElo "2370"]

1.e4 d6 2.d4 Nf6 3.Nc3 c6 4.f4 Qa5 5.Bd3 e5 6.dxe5 dxe5 7.f5 Nbd7 8.Nf3 Nc5
9.Qe2 Nxd3+ 10.cxd3 Bd6 11.Bd2 Nd7 12.O-O Qb6+ 13.Kh1 Qxb2 14.Rab1 Qa3 15.d4 O-O
16.d5 Nf6 17.Rb3 Qa5 18.dxc6 bxc6 19.Nd5 Qxa2 20.Nxf6+ gxf6 21.Qe3 Ba6 22.Rc1 Rfb8
23.Rbc3  1/2-1/2

[Event "Delmenhorst"]
[Site "Delmenhorst"]
[Date "1988.??.??"]
[Round "?"]
[White "Hermann, Manfred"]
[Black "Hausner, Ivan"]
[Result "0-1"]
[WhiteElo "2385"]
[BlackElo "2425"]

1.e4 d6 2.d4 Nf6 3.Nc3 c6 4.f4 Qa5 5.Bd3 e5 6.Nf3 Bg4 7.fxe5 dxe5 8.dxe5 Nfd7
9.e6 Bxe6 10.Ng5 Nc5 11.O-O Be7 12.Nxe6 Nxe6 13.Kh1 Nd7 14.Bc4 Qe5 15.Rf5 Qd6
16.Be3 Qxd1+ 17.Rxd1 Bf6 18.a4 Ne5 19.Be2 Ke7 20.Nb1 Rhd8 21.Rff1 Nd7 22.b3 Ndc5
23.Bxc5+ Nxc5 24.Bc4 Rxd1 25.Rxd1 Re8 26.Re1 Kf8 27.Bd3 Rd8 28.Re3 Bg5 29.Rf3 Nxd3
30.Rxd3 Re8 31.Nc3 Bf6 32.Kg1 Bxc3 33.Rxc3 Rxe4 34.Kf2 h5 35.g3 Ke7 36.Rf3 Re5
37.Rd3 g5 38.h3 Rf5+ 39.Kg2 Rd5 40.Re3+ Kd6 41.Re2 a5 42.Kf3 Rf5+ 43.Kg2 Re5
44.Rd2+ Rd5 45.Re2 b5 46.axb5 cxb5 47.c4 bxc4 48.bxc4 Rc5 49.Rc2 a4 50.Kf3 Ra5
51.Ke4 a3 52.Ra2 Kc5  0-1

[Event "DEN-chB"]
[Site "?"]
[Date "1988.??.??"]
[Round "5"]
[White "Ochsner, Thomas"]
[Black "Hoiberg, Nina"]
[Result "0-1"]
[WhiteElo "2275"]
[BlackElo "2285"]

1.e4 d6 2.d4 Nf6 3.Nc3 c6 4.f4 Qa5 5.Bd3 e5 6.Nf3 Bg4 7.fxe5 dxe5 8.dxe5 Nfd7
9.Bf4 Bb4 10.O-O O-O 11.Nd5 cxd5 12.exd5 f5 13.c4 Qc7 14.Qe2 Na6 15.h3 Bh5
16.g4 fxg4 17.Ng5 Bg6 18.a3 Bc5+ 19.Kh1 Rxf4 20.Rxf4 Qxe5 21.Qxe5 Nxe5 22.Bxg6 Nxg6
23.Rxg4 Ne5 24.Re4 Nd3 25.Re2 Nf4 26.Re4 Nd3 27.Re2 Nf4 28.Rh2 Re8 29.Rf1 Nh5
30.Rg2 Bd6 31.Rf3 Re1+ 32.Rg1 Ng3+ 33.Kg2 Re2+ 34.Rf2 Rxf2+ 35.Kxf2 Bc5+
36.Kxg3 Bxg1 37.Kf4 Nc5 38.b4 Bh2+ 39.Kf5 Nd7 40.Ke6 Nf8+ 41.Ke7 Be5 42.Ke8 h5
43.c5 Nh7 44.Nxh7 Kxh7 45.Kf7 g5 46.Ke6 Bg3 47.Kf5 g4 48.hxg4 h4 49.Ke4 Kg6
50.Kf3 Be5 51.Kg2 Kf7 52.Kh3 Bf6 53.a4 Ke8 54.b5 b6 55.c6 Ke7 56.c7 Kd7 57.d6 Bg5
58.Kg2 Bf4 59.Kh3 Bxd6 60.g5 Bxc7 61.Kxh4 Be5  0-1

[Event "Dieren op"]
[Site "Dieren"]
[Date "1988.??.??"]
[Round "3"]
[White "Van der Werf, Mark"]
[Black "Hartoch, Robert G"]
[Result "0-1"]
[WhiteElo "2260"]
[BlackElo "2375"]

1.d4 d6 2.e4 Nf6 3.Nc3 c6 4.Nf3 Bg4 5.h3 Bxf3 6.Qxf3 Nbd7 7.Be2 e5 8.Be3 Be7
9.O-O O-O 10.Rfd1 Re8 11.d5 c5 12.a4 h6 13.g3 Nh7 14.h4 Nhf6 15.Nb5 h5 16.Qg2 g6
17.c3 Ng4 18.Bxg4 hxg4 19.f3 Nf6 20.Rf1 Qd7 21.Rf2 a6 22.Na3 Qxa4 23.Bg5 Nh7
24.Bxe7 gxf3 25.Qf1 Rxe7 26.Nc4 Qb5 27.Nxd6 Qxf1+ 28.Kxf1 Rd8 29.Nc4 Nf6
30.Rxf3 Nxe4 31.Rd1 b5 32.Na5 Rd6 33.Nc6 Red7 34.Ke1 Nf6 35.Re3 Nxd5 36.Rxe5 Rxc6
37.Rdxd5 Rxd5 38.Rxd5 Kg7 39.Ke2 Kf6 40.Ke3 Ke6 41.Rd8 Ke5 42.b3 c4 43.b4 Re6
44.Rd1 f5 45.Rd4 Rd6 46.Rxd6 Kxd6 47.Kf4 Kc6 48.Kg5 a5 49.Kxg6 axb4 50.h5 bxc3
51.h6 c2 52.h7 c1=Q 53.h8=Q Qc2 54.Qc8+ Kb6 55.Qd8+ Kc5 56.Qe7+ Kd4 57.Kf7 Kc3
58.Qa3+ Qb3 59.Qc1+ Kb4 60.Qf4 Qd3 61.Kf8  0-1

[Event "Edinburgh op"]
[Site "Edinburgh"]
[Date "1988.??.??"]
[Round "4"]
[White "Crouch, Colin S"]
[Black "Hartoch, Robert G"]
[Result "1-0"]
[WhiteElo "2330"]
[BlackElo "2370"]

1.d4 d6 2.e4 Nf6 3.Nc3 e5 4.dxe5 dxe5 5.Qxd8+ Kxd8 6.Nf3 Bd6 7.Bg5 Be6 8.O-O-O Ke7
9.Nh4 Nd7 10.Bb5 c6 11.Nd5+ Bxd5 12.exd5 cxb5 13.Nf5+ Kf8 14.Nxd6 a6 15.Nxb7 Ne4
16.Be3 Ke7 17.Rhe1 Nd6 18.Bc5 Nxc5 19.Nxc5 f6 20.f4 Rhc8 21.b4 Nc4 22.d6+ Kf7
23.d7 Rd8 24.Nb7 exf4 25.Nxd8+ Rxd8 26.Re4 g5 27.a4 Ne3 28.Rd2 f5 29.Red4 Nf1
30.R2d3 Nxh2 31.axb5 axb5 32.Rd5 Ke6 33.Rxb5 g4 34.Rb6+ Ke5 35.Kd2 f3 36.gxf3 g3
37.Ke3 f4+ 38.Ke2 h5 39.c4 h4 40.Rd5+  1-0

[Event "Esbjerg"]
[Site "Esbjerg"]
[Date "1988.??.??"]
[Round "?"]
[White "Hellers, Ferdinand"]
[Black "Mortensen, Erling"]
[Result "1/2-1/2"]
[WhiteElo "2490"]
[BlackElo "2470"]

1.e4 d6 2.d4 Nf6 3.Nc3 c6 4.Nf3 Bg4 5.Be2 e6 6.h3 Bh5 7.Bg5 Be7 8.O-O O-O
9.Qd2 d5 10.e5 Nfd7 11.Bxe7 Qxe7 12.Ne1 Bg6 13.f4 c5 14.Nb5 cxd4 15.Nf3 Nc6
16.Nbxd4 f6 17.exf6 Rxf6 18.Bb5 Qd6 19.Rae1 Raf8 20.Qe3 Be4 21.Bxc6 bxc6
22.Ng5 Rxf4 23.Rxf4 Rxf4 24.Ndxe6 Rf5 25.Qd2 Re5 26.Rxe4 Rxe4 27.Nxe4 Qxe6
28.Nc3  1/2-1/2

[Event "Troll Masters"]
[Site "Gausdal"]
[Date "1988.??.??"]
[Round "?"]
[White "Yrjola, Jouni"]
[Black "Gausel, Einar"]
[Result "1-0"]
[WhiteElo "2455"]
[BlackElo "2360"]

1.d4 d6 2.e4 Nf6 3.Nc3 c6 4.f4 Qa5 5.Bd3 e5 6.dxe5 dxe5 7.f5 Bc5 8.Qe2 b5
9.Bd2 Qb6 10.Nf3 Nbd7 11.a4 b4 12.Nd1 a5 13.Ne3 Bxe3 14.Bxe3 c5 15.Nd2 Bb7
16.g4 h6 17.O-O-O Qc7 18.h4 Nb6 19.Bb5+ Bc6 20.g5 Nfd7 21.b3 O-O-O 22.Nc4 Nxc4
23.Qxc4 hxg5 24.hxg5 Rxh1 25.Rxh1 Bxb5 26.axb5 Nb6 27.Qxc5 Qxc5 28.Bxc5 Nd7
29.Be3 Rg8 30.Kd2 Kc7 31.Ke2 Rb8 32.Rh7 Rg8 33.Kf3 Kd6 34.Rh1 Rc8 35.Rd1+ Ke7
36.b6 f6 37.Rd5 Rb8 38.Rxa5 fxg5 39.Rb5 Nf6 40.b7 g4+ 41.Kg2  1-0

[Event "Hradec Kralove"]
[Site "Hradec Kralove"]
[Date "1988.??.??"]
[Round "7"]
[White "Zilberstein, David"]
[Black "Palatnik, Semon"]
[Result "1-0"]
[WhiteElo "2235"]
[BlackElo "2500"]

1.e4 d6 2.d4 Nf6 3.Nc3 Nbd7 4.Nf3 e5 5.Bc4 Be7 6.O-O c6 7.a4 Qc7 8.h3 h6
9.Be3 g5 10.a5 Nf8 11.dxe5 dxe5 12.Nxe5 Qxe5 13.Bd4 Qc7 14.e5 Nd5 15.e6 Rg8
16.Bxd5 cxd5 17.Nxd5 Qd6 18.Bf6 Bxe6 19.Nxe7 Qxe7 20.Bxe7 Kxe7 21.Qf3 Nd7
22.Qxb7  1-0

[Event "Kecskemet op"]
[Site "Kecskemet"]
[Date "1988.??.??"]
[Round "?"]
[White "Apicella, Manuel"]
[Black "Pribyl, Josef"]
[Result "1/2-1/2"]
[WhiteElo "2355"]
[BlackElo "2455"]

1.e4 d6 2.d4 Nf6 3.Nc3 c6 4.f4 Qa5 5.Bd3 e5 6.dxe5 dxe5 7.f5 b5 8.Be3 Nbd7
9.a3 Bb7 10.Nf3 Qc7 11.h3 a6 12.a4 Bb4 13.O-O O-O 14.g4 Bc5 15.Qe2 Qb6 16.Rfe1 Bxe3+
17.Qxe3 Qxe3+ 18.Rxe3 h6 19.b3 Rfe8 20.Nd1 Nc5 21.Nf2 Rad8  1/2-1/2

[Event "London WFW"]
[Site "London"]
[Date "1988.??.??"]
[Round "9"]
[White "Lalic, Susan"]
[Black "King, Daniel J"]
[Result "0-1"]
[WhiteElo "2340"]
[BlackElo "2475"]

1.e4 d6 2.d4 Nf6 3.Nc3 c6 4.Nf3 Bg4 5.h3 Bh5 6.Be2 e6 7.Bg5 h6 8.Be3 d5 9.e5 Nfd7
10.Nd2 Bxe2 11.Nxe2 c5 12.c3 Nc6 13.O-O b5 14.Nf4 c4 15.Nxe6 fxe6 16.Qh5+ Ke7
17.Bg5+ hxg5 18.Qxh8 Nb6 19.f4 gxf4 20.Rxf4 Kd7 21.Rf7+ Be7 22.Qxg7 Qh8 23.Nf3 Na4
24.Rb1 Rg8 25.Qxh8 Rxh8 26.Kh2 Ke8 27.Rg7 b4 28.cxb4 Nxb4 29.Ng5 Rh6 30.Rf1 Nxb2
31.Nf7 Rh4 32.Nd6+ Kd7 33.Nb7 Nc6 34.Nc5+ Kc8 35.Rg8+ Kc7 36.Nxe6+ Kb6 37.Nf4 Rxf4
38.Rxf4 c3 39.Rg3 c2 40.Rb3+ Kc7 41.Rf1 Nd1  0-1

[Event "Luxembourg op"]
[Site "Luxembourg"]
[Date "1988.??.??"]
[Round "8"]
[White "Horvath, Tamas"]
[Black "Spacek, Petr"]
[Result "0-1"]
[WhiteElo "2415"]
[BlackElo "2370"]

1.e4 d6 2.d4 Nf6 3.Nc3 c6 4.a4 g6 5.Nf3 Bg7 6.h3 O-O 7.Be3 a5 8.g3 Nbd7 9.Bg2 e5
10.O-O Re8 11.Re1 Qc7 12.Qd2 exd4 13.Nxd4 Nc5 14.Bf4 Bd7 15.Rad1 Rad8 16.Qc1 Bc8
17.Bg5 Ne6 18.Be3 Nxd4 19.Bxd4 Nd7 20.Bxg7 Kxg7 21.b3 Nc5 22.Qe3 Qe7 23.f4 f6
24.Qf2 Be6 25.Ne2 Bc8 26.Nd4 Qf8 27.Qd2 Rd7 28.Re3 b6 29.Nxc6 Bb7 30.e5 dxe5
31.Qxd7+ Nxd7 32.Rxd7+ Kh6 33.Rc3 Bxc6 34.Rxc6 Rd8 35.Rb7 exf4 36.gxf4 Qb4
37.Rc4 Qe1+ 38.Kh2 Qf2 39.f5 gxf5 40.Rc3 Qf4+  0-1

[Event "URS-ch sf"]
[Site "Minsk"]
[Date "1988.??.??"]
[Round "?"]
[White "Zayac, Elena"]
[Black "Kveinys, Aloyzas"]
[Result "0-1"]
[WhiteElo "2230"]
[BlackElo "2345"]

1.d4 d6 2.e4 Nf6 3.Nc3 c6 4.Bg5 Qa5 5.Qd2 Nbd7 6.f4 b5 7.Bd3 h6 8.Bxf6 Nxf6
9.e5 b4 10.Nce2 Nd5 11.Nf3 e6 12.O-O Be7 13.a3 Qb6 14.exd6 Bxd6 15.Ne5 Qc7
16.axb4 Bxb4 17.c3 Be7 18.b4 a5 19.Bc2 O-O 20.Nc4 Ba6 21.Nxa5 c5 22.Nb3 Bxe2
23.Qxe2 Rxa1 24.Nxa1 cxb4 25.c4 Nxf4 26.Qe4 Ng6 27.Bd3 Rd8 28.Nb3 Bf6 29.Qg4 Bxd4+
30.Nxd4 Ne5 31.Qf4 Qc5  0-1

[Event "Naestved op"]
[Site "Naestved"]
[Date "1988.??.??"]
[Round "?"]
[White "Hoi, Carsten"]
[Black "Jacobsen, Bo"]
[Result "1-0"]
[WhiteElo "2455"]
[BlackElo "2290"]

1.d4 Nf6 2.Nc3 d6 3.e4 e5 4.dxe5 dxe5 5.Qxd8+ Kxd8 6.Bg5 Be7 7.Rd1+ Nbd7
8.Bc4 Ke8 9.Nge2 c6 10.a4 Nc5 11.Ng3 g6 12.O-O h5 13.Bxf6 Bxf6 14.f4 Rf8
15.f5 a5 16.Nge2 Bd7 17.Nc1 Rd8 18.Nd3 Nxd3 19.cxd3 Bc8 20.Nb1 g5 21.Nd2 Be7
22.g3 Bc5+ 23.Kg2 f6 24.h3 Ke7 25.Kf3 Rd6 26.Ke2 Rfd8 27.g4 h4 28.Nb3 Bb4
29.Rc1 Kd7 30.Rfd1 Kc7 31.Na1 Kb6 32.Nc2 Bc5 33.Rb1 Bd7 34.b4 axb4 35.Nxb4 Ka5
36.Nc2 b5 37.axb5 cxb5 38.Bd5 Bc6 39.Bxc6 Rxc6 40.Rb2 Bd4 41.Ra2+ Kb6 42.Nb4 Rc3
43.Ra6+ Kb7 44.Rxf6 Rb3 45.Rf7+ Kb6 46.Nd5+ Ka5 47.Ra1+  1-0

[Event "Naleczow"]
[Site "Naleczow"]
[Date "1988.??.??"]
[Round "4"]
[White "Gdanski, Jacek"]
[Black "Andonov, Bogomil"]
[Result "0-1"]
[WhiteElo "2395"]
[BlackElo "2415"]

1.e4 d6 2.d4 Nf6 3.Nc3 Nbd7 4.f4 e5 5.dxe5 dxe5 6.fxe5 Nxe5 7.Qxd8+ Kxd8
8.Bg5 c6 9.O-O-O+ Kc7 10.Nf3 Nfd7 11.Be2 Bb4 12.Bd2 Bc5 13.Bf4 f6 14.Nd4 Re8
15.Bh5 g6 16.Bg4 Nf8 17.Bxc8 Raxc8 18.Rhf1 Nd7 19.Nce2 Bd6 20.b3 Nf7 21.Nc3 Bxf4+
22.Rxf4 Nd6 23.Re1 Re7 24.Rf2 Rce8 25.Rfe2 Nc5 26.e5 Rxe5 27.Rxe5 Rxe5 28.Rxe5 fxe5
29.Nf3 Nd7 30.Kd2 Kd8 31.Ke3 Ke7 32.g4 h6 33.h3 Ke6 34.Ne2 b5 35.Ng3 Nf6
36.Ne2 Nd5+ 37.Kd2 Ne4+ 38.Ke1 Nb4 39.Nd2  0-1

[Event "Naleczow (Women)"]
[Site "Naleczow"]
[Date "1988.??.??"]
[Round "8"]
[White "Levitina, Irina S"]
[Black "Bos Swiecik, Iwona"]
[Result "1-0"]
[WhiteElo "2355"]
[BlackElo "2215"]

1.d4 d6 2.e4 Nf6 3.Nc3 Nbd7 4.Nf3 e5 5.Bc4 Be7 6.a4 O-O 7.O-O c6 8.Re1 b6
9.d5 c5 10.a5 bxa5 11.Nd2 Ne8 12.Bb5 Bg5 13.Nc4 Bxc1 14.Qxc1 f5 15.exf5 Rxf5
16.Nxa5 Qh4 17.g3 Qh5 18.Nc6 Qf7 19.Rxa7 Rxa7 20.Nxa7 Bb7 21.Nc6 Rxf2 22.Ne4 Rf5
23.Nd8  1-0

[Event "New York op"]
[Site "New York"]
[Date "1988.??.??"]
[Round "?"]
[White "Shirazi, Kamran G"]
[Black "Soltis, Andrew E"]
[Result "0-1"]
[WhiteElo "2455"]
[BlackElo "2400"]

1.e4 d6 2.d4 Nf6 3.Nc3 c6 4.f4 Qa5 5.e5 Ne4 6.exd6 Nxc3 7.Qd2 exd6 8.Ne2 Be7
9.Nxc3 O-O 10.Bd3 Na6 11.O-O Bf5 12.Bc4 Qb6 13.Nd1 d5 14.Bb3 Bf6 15.c3 c5
16.Ne3 cxd4 17.cxd4 Bxd4 18.Rd1 Bxe3+ 19.Qxe3 Nc5 20.Bxd5 Bc2 21.Re1 Rad8
22.Bf3 Rd6 23.Qf2 Qb4 24.a3 Qc4 25.Be3 Nd3 26.Qe2 Bb3 27.Rf1 b6 28.f5 Re8
29.Kh1 Qc7 30.f6 Bc4 31.fxg7 Rde6 32.Qc2 Rxe3 33.b3 Ne5 34.bxc4 Nxf3 35.Rxf3 Rxf3
36.gxf3 Qf4 37.Qd3 Rc8 38.Re1 Qxc4 39.Re8+ Kxg7 40.Qe3 Qc1+ 41.Kg2 Rc2+ 42.Kg3 Qxe3
43.Rxe3 Rc4 44.Kf2 Kf6 45.Kg3 b5 46.Rb3 a6 47.Re3 Ra4 48.h4 h5 49.Rc3 Rc4
50.Rd3 Ke6 51.Re3+ Kf5 52.Rd3 Ra4 53.Rd5+ Ke6 54.Rxh5 Rxa3 55.Rh6+ Kf5 56.Rb6 f6
57.Rb8 Ra1 58.Rb6 Rg1+ 59.Kf2 Ra1 60.Ke3 Ra4 61.h5 Ra3+ 62.Ke2 Kg5 63.h6 Kxh6
64.Rxf6+ Kg5 65.Rf8 b4 66.Kd2 a5 67.Kc2 Rc3+ 68.Kb2 Rc5 69.Ra8 Kf4 70.Kb3 Kxf3
71.Ka4 Ke4 72.Rh8 Kd3 73.Rh3+ Kc2 74.Rh2+ Kb1 75.Rh1+ Kb2 76.Rh2+ Rc2 77.Rh3 Ka2  0-1

[Event "New York op"]
[Site "New York"]
[Date "1988.??.??"]
[Round "?"]
[White "Rodriguez Vargas, Orestes"]
[Black "Barlov, Dragan"]
[Result "1-0"]
[WhiteElo "2420"]
[BlackElo "2520"]

1.d4 d6 2.e4 Nf6 3.Nc3 c6 4.g3 Nbd7 5.a4 a5 6.Bg2 e5 7.Nge2 Be7 8.O-O O-O
9.h3 Re8 10.Be3 Bf8 11.g4 Be7 12.f4 exf4 13.Nxf4 Nf8 14.Qf3 h6 15.Nh5 Kh7
16.Nxg7 Kxg7 17.e5 Ng8 18.Qxf7+ Kh8 19.Ne4 d5 20.Rf6 Bxf6 21.Nxf6 Nxf6 22.exf6 Qd7
23.Qh5 Kg8 24.Bxh6 Qf7 25.Qg5+ Ng6 26.h4 Kh7 27.h5 Nf8 28.Bg7 Qe6 29.Qh6+ Kg8
30.g5 Qe3+ 31.Kh1 Bf5 32.Bxf8 Kf7 33.g6+ Kxf6 34.Bg7+  1-0

[Event "Nuremberg op"]
[Site "Nuremberg"]
[Date "1988.??.??"]
[Round "7"]
[White "Roth, Peter"]
[Black "Pribyl, Josef"]
[Result "1/2-1/2"]
[WhiteElo "2360"]
[BlackElo "2455"]

1.e4 d6 2.d4 Nf6 3.Nc3 c6 4.f4 Qa5 5.Bd3 e5 6.dxe5 dxe5 7.Nf3 Bg4 8.O-O Nbd7
9.Qe1 Bd6 10.f5 Bxf3 11.Rxf3 Bc5+ 12.Kh1 Ng4  1/2-1/2

[Event "Oslo"]
[Site "Oslo"]
[Date "1988.??.??"]
[Round "?"]
[White "Djurhuus, Rune"]
[Black "Jansa, Vlastimil"]
[Result "1-0"]
[WhiteElo "2315"]
[BlackElo "2465"]

1.e4 d6 2.d4 Nf6 3.Nc3 c6 4.f4 Qa5 5.Bd3 e5 6.Nf3 Bg4 7.dxe5 dxe5 8.fxe5 Nfd7
9.e6 fxe6 10.h3 Qh5 11.Rf1 Bxf3 12.Qxf3 Qxf3 13.gxf3 Nc5 14.Be2 e5 15.f4 Nbd7
16.Be3 exf4 17.Bxf4 Ne6 18.Bg3 Nd4 19.O-O-O Nxe2+ 20.Nxe2 Bc5 21.Nf4 Be3+
22.Kb1 Bxf4 23.Bxf4 Nc5 24.Be5 Ne6 25.b3 Rg8 26.Rf5 a6 27.Rh5 h6 28.Rf5 Ng5
29.h4 Ne6 30.Kb2 Nf8 31.Bc3 Nd7 32.Rg1 g6 33.Rh5 O-O-O 34.Rxh6 Nc5 35.e5 Rge8
36.Rgxg6 Ne4 37.Ba5 Rd5 38.Bb6 Rdxe5 39.Rh7 R5e7 40.Rxe7 Rxe7 41.h5 Re5 42.h6 Rh5
43.Re6 Ng5 44.Re5  1-0

[Event "DDR-FRG"]
[Site "Potsdam"]
[Date "1988.??.??"]
[Round "?"]
[White "Vogt, Lothar"]
[Black "Bischoff, Klaus"]
[Result "1/2-1/2"]
[WhiteElo "2485"]
[BlackElo "2510"]

1.e4 d6 2.d4 Nf6 3.Nc3 c6 4.a4 g6 5.Nf3 Bg7 6.h3 O-O 7.Be3 Nbd7 8.Qd2 e5
9.dxe5 dxe5 10.Bc4 Qe7 11.Rd1 Nc5 12.Bxc5 Qxc5 13.Bb3 Qe7 14.O-O Nd7 15.Qe3 Nc5
16.Bc4 Ne6 17.Ne2 Bf6 18.Ne1 Kg7 19.Nd3 h5 20.Qd2 Ng5 21.Qe3  1/2-1/2

[Event "DDR-FRG"]
[Site "Potsdam"]
[Date "1988.??.??"]
[Round "?"]
[White "Knaak, Rainer"]
[Black "Bischoff, Klaus"]
[Result "0-1"]
[WhiteElo "2500"]
[BlackElo "2510"]

1.d4 d6 2.e4 Nf6 3.Nc3 c6 4.a4 Qa5 5.Bd2 Qc7 6.h3 e5 7.dxe5 dxe5 8.Bc4 Bb4
9.Qf3 O-O 10.Nge2 Re8 11.O-O Be6 12.Bxe6 Rxe6 13.Bg5 h6 14.Be3 Bf8 15.Ng3 g6
16.a5 Nbd7 17.Ra4 Bg7 18.Rfa1 Nh7 19.Qe2 Nhf8 20.Rc4 Qb8 21.Rb4 Rd6 22.Rd1 Rxd1+
23.Qxd1 Qc7 24.Qd2 h5 25.Nf1 Ne6 26.Rc4 Rd8 27.b4 Nd4 28.Ne2 Nb5 29.Qc1 Nf8
30.f3 Qd7 31.Bg5 Re8 32.Bh6 Qe6 33.Rc5 Nd7 34.Be3 Nxc5 35.Bxc5 Rd8 36.c4 Nd6
37.Ne3 Bh6 38.Qc3 Bxe3+ 39.Bxe3 Nxc4 40.Bxa7 Nd6 41.Qd2 Kg7 42.f4 Rd7 43.Qe3 exf4
44.Bd4+ f6  0-1